00561nam a22001932 4500001001100000005001700011008004100028020002500069020002400094040001500118100003000133245004900163250001300212260009300225300001300318650003000331852000300361852000300364000001924520151217154428.0101022s xx 000 0 eng d a1854724465 (Pt. I) : a1854724472 (Pt. II) aKABUcKABU1 aTaylor, Eric.@000015195214aThe AB guide to music theory /cEric Taylor. a1st ed. aLondon :bThe Associated Board of the Royal School of Music,c1989 (pt. I):1991 (pt. II) a2 Parts. 0aMusic theory.@00001519531 1